Los dibujos poéticos de Federico García Lorca / (Record no. 196745)

MARC details
000 -LEADER
campo de control de longitud fija 01367nam a2200301 i 4500
001 - NÚMERO DE CONTROL
campo de control 196745
003 - IDENTIFICADOR DE NÚMERO DE CONTROL
campo de control ES-MaACL
005 - FECHA Y HORA DE LA ÚLTIMA TRANSACCIÓN
campo de control 20241026063111.0
007 - CAMPO FIJO DE DESCRIPCIÓN FÍSICA--INFORMACIÓN GENERAL
campo de control de longitud fija ta
008 - DATOS DE LONGITUD FIJA--INFORMACIÓN GENERAL
campo de control de longitud fija 241024b1974 sp ||||| |||| 00| 0 spa d
017 ## - NÚMERO DE COPYRIGHT O DE DEPÓSITO LEGAL
Número de copyright o de depósito legal SA. 115.-1971.
040 ## - FUENTE DE CATALOGACIÓN
Lengua de catalogación spa
Centro/agencia transcriptor ES-MaACL
Centro/agencia modificador ES-MaACL
100 1# - ENTRADA PRINCIPAL--NOMBRE DE PERSONA
9 (RLIN) 75296
Nombre de persona Madariaga de la Campa, Benito
Término indicativo de función/relación Autor
245 ## - MENCIÓN DEL TÍTULO
Título Los dibujos poéticos de Federico García Lorca /
Mención de responsabilidad, etc. Benito Madariaga.
260 ## - PUBLICACIÓN, DISTRIBUCIÓN, ETC.
Lugar de publicación, distribución, etc. Santander :
Nombre del editor, distribuidor, etc. Institución cultural de Cantabria , Diputación Provincial de Santander,
Fecha de publicación, distribución, etc. 1974.
300 ## - DESCRIPCIÓN FÍSICA
Extensión 32 p.;
Otras características físicas il. n.;
Dimensiones 23 cm.
336 ## - TIPO DE CONTENIDO
Fuente rdacontent
Término de tipo de contenido texto
337 ## - TIPO DE MEDIO
Fuente rdamedia
Nombre/término del tipo de medio sin mediación
338 ## - TIPO DE SOPORTE
Fuente rdacarrier
Nombre/término del tipo de soporte volumen
501 ## - NOTA DE CON
Nota de "Con" Separata del n.º 10 de la revista poética "Peña Labra".
600 17 - PUNTO DE ACCESO ADICIONAL DE MATERIA--NOMBRE DE PERSONA
9 (RLIN) 170064
Nombre de persona García Lorca, Federico,
Fechas asociadas al nombre 1898-1936-
Subdivisión general Dibujo
852 ## - LOCALIZACIÓN
Ubicación ES-MaACL
Ubicación en estantería Depósito folletos
Número de control de estantería FOLL-BUE-119
Anotaciones manuscritas Dedicatoria manuscrita del autor, Benito Madariaga, para Antonio Buero Vallejo: "A Don Antonio Buero Vallejo, figura literaria de nuestro tiempo. Atentamente [firma y rúbrica] Santander, enero 1975".
Donativo/Legado Legado: Antonio Buero Vallejo
itemnumber 204450
903 ## - NOMBRE PERSONAL DE DONANTE
9 32421
a Buero Vallejo, Antonio,
q 1
d 1916-2000
e Donante
942 ## - ELEMENTOS DE ENTRADA SECUNDARIOS (KOHA)
Suprimir en OPAC No
Tipo de ítem Koha Folleto
Holdings
Estatus retirado Estado de pérdida Fuente del sistema de clasificación o colocación Estado de daño No para préstamo Colección Biblioteca de origen Biblioteca actual Ubicación en estantería Fecha de adquisición Fuente de adquisición Total de préstamos Signatura topográfica completa Código de barras Visto por última vez Precio de reemplazo Tipo de ítem Koha Nota pública
    Clasificación decimal universal     Libros con dedicatorias Biblioteca del Ateneo de Madrid Biblioteca del Ateneo de Madrid Depósito folletos 24/10/2024 Legado   FOLL-BUE-119 101229268 24/10/2024 24/10/2024 Folleto Dedicatoria manuscrita del autor, Benito Madariaga, para Antonio Buero Vallejo.